[Event "16ème Open des Vins du Médoc"]
[Site "Naujac sur Mer ; France"]
[Date "2013.07.06"]
[Round "8.12"]
[White "Roumegous, Marina"]
[Black "Bouthier, Jacques"]
[Result "1-0"]
[WhiteElo "2154"]
[BlackElo "1845"]
[PlyCount "77"]
[EventDate "2013.??.??"]

1. d4 Nf6 2. c4 c5 3. d5 b5 4. a4 bxc4 5. Nc3 e6 6. e4 exd5 7. exd5 d6 8. Bxc4
Be7 9. Nf3 Na6 10. Bb5+ Nd7 11. O-O O-O 12. Bc6 Rb8 13. Nb5 Nb4 14. Nxa7 Ba6
15. Bb5 Qc7 16. Nc6 Nxc6 17. dxc6 Bxb5 18. axb5 Nb6 19. Bg5 Bxg5 20. Nxg5 Qe7
21. h4 Nc8 22. Qd3 g6 23. Rfe1 Qf6 24. Re2 d5 25. Qxd5 Rxb5 26. Ra8 h6 27. Ne4
Qd4 28. Qd7 Nb6 29. Rxf8+ Kxf8 30. Qd6+ Kg7 31. c7 Rxb2 32. Rxb2 Qxb2 33. Nxc5
Nc8 34. Qf4 Qc3 35. Nd7 Qb2 36. Kh2 Qc3 37. g3 Ne7 38. Qd6 Qe1 39. Qd4+ 1-0

[Event "16ème Open des Vins du Médoc"]
[Site "Naujac sur Mer ; France"]
[Date "2013.07.07"]
[Round "9.1"]
[White "Van Delft, Merijn"]
[Black "Velten, Paul"]
[Result "0-1"]
[WhiteElo "2411"]
[BlackElo "2422"]
[PlyCount "106"]
[EventDate "2013.??.??"]

1. e4 e6 2. d4 d5 3. Nc3 Nc6 4. e5 Nge7 5. Nf3 Nf5 6. a3 Bd7 7. h4 h5 8. Ne2
Qe7 9. Nf4 O-O-O 10. b4 Qe8 11. c3 f6 12. Nd3 Kb8 13. a4 Bc8 14. g3 Nh6 15. Bf4
Nf7 16. Bg2 Be7 17. Qe2 Qg8 18. Qd2 {(=)} Re8 19. exf6 gxf6 20. O-O Bd6 21.
Bxd6 Nxd6 22. Nc5 Ne4 23. Qe3 Nxc5 24. dxc5 e5 25. Rfe1 Qg6 26. b5 Na5 27. Nd2
Rd8 28. b6 Rhe8 29. Rab1 f5 30. f4 e4 31. Rb5 cxb6 32. cxb6 axb6 33. Rxb6 d4
34. Rxg6 dxe3 35. Nf1 Nc4 36. Nxe3 Nxe3 37. Rxe3 Rd2 38. Bf1 Ra2 39. Rd6 Rxa4
40. Be2 Rh8 41. Kf2 Ra2 42. Ke1 Kc7 43. Rd2 Ra1+ 44. Kf2 Be6 45. Bd1 Kc6 46.
Re1 Kc5 47. Rb2 Bd5 48. Rd2 Bc6 49. Re3 Rb1 50. Be2 b5 51. Bd1 Bd5 52. Be2 Be6
53. Bd1 Bc4 0-1

[Event "16ème Open des Vins du Médoc"]
[Site "Naujac sur Mer ; France"]
[Date "2013.07.07"]
[Round "9.2"]
[White "Favarel, Antoine"]
[Black "Zaragatski, Ilja"]
[Result "1/2-1/2"]
[WhiteElo "2347"]
[BlackElo "2486"]
[PlyCount "187"]
[EventDate "2013.??.??"]

1. c4 g6 2. g3 Bg7 3. Bg2 c5 4. Nc3 Nc6 5. a3 Nf6 6. Rb1 a5 7. e4 d6 8. Nge2
Nd7 9. O-O Nf8 10. Nd5 Ne6 11. b4 cxb4 12. axb4 axb4 13. d3 O-O 14. Nxb4 Ncd4
15. Nxd4 Nxd4 16. Bb2 Bd7 17. Nc2 Nxc2 {(=)} 18. Bxg7 Kxg7 19. Qxc2 Ra7 20. Ra1
Qb6 21. Rxa7 Qxa7 22. Qb2+ e5 23. Ra1 Qb8 24. Rb1 Bc6 25. d4 exd4 26. Qxd4+ f6
27. Rd1 Re8 28. f3 Ba4 29. Rd2 Qc7 30. h4 Bb3 31. Qxd6 Qxc4 32. Bf1 Qe6 33. Qb4
Re7 34. Rd6 Qf7 35. Rb6 Be6 36. Kh2 Rc7 37. Qb2 Qd7 38. f4 Qd1 39. Rxb7 Rxb7
40. Qxb7+ Kg8 41. Bg2 Qd6 42. Qb2 Kg7 43. Qc3 h6 44. Qe3 Qc7 45. Qd4 Bf7 46.
Qd2 Qe7 47. Qb2 Be6 48. Bf3 Bf7 49. Kg2 Qc7 50. Bg4 Qc6 51. Qd4 Qc2+ 52. Kg1
Qc1+ 53. Kf2 Qc2+ 54. Be2 Qc7 55. Qe3 Qe7 56. Bd3 g5 57. hxg5 hxg5 58. fxg5
fxg5 59. e5 Bd5 60. g4 Qf8+ 61. Bf5 Qe7 62. Qb6 Bf7 63. Qd6 Qa7+ 64. Kf3 Qb7+
65. Kg3 Qb3+ 66. Bd3 Qe6 67. Kf3 Qd5+ 68. Ke3 Qe6 69. Bf5 Qb3+ 70. Bd3 Qe6 71.
Qd4 Bg8 72. Kf2 Qf7+ 73. Kg1 Qf4 74. Qd7+ Bf7 75. Qf5 Qc1+ 76. Kf2 Qd2+ 77. Kg3
Qe3+ 78. Kh2 Qd2+ 79. Kg1 Qe1+ 80. Bf1 Qe3+ 81. Kh2 Qd2+ 82. Bg2 Qf4+ 83. Qxf4
gxf4 84. Kh3 Bc4 85. Be4 Bf1+ 86. Kh4 Be2 87. g5 Kf7 88. Bf5 Bd1 89. Bg4 f3 90.
Kg3 f2 91. Bh3 Kg6 92. Kxf2 Kxg5 93. Ke3 Kg6 94. Kd4 1/2-1/2

[Event "16ème Open des Vins du Médoc"]
[Site "Naujac sur Mer ; France"]
[Date "2013.07.07"]
[Round "9.3"]
[White "Das, Arghyadip"]
[Black "Behrhorst, Frank"]
[Result "1-0"]
[WhiteElo "2493"]
[BlackElo "2281"]
[PlyCount "69"]
[EventDate "2013.??.??"]

1. c4 Nf6 2. Nc3 c5 3. e4 Nc6 4. Nge2 g6 5. d4 cxd4 6. Nxd4 d6 7. Nc2 Bg7 8.
Be2 O-O 9. O-O Bd7 10. Be3 Qa5 11. f3 a6 12. Rb1 Rab8 13. b4 Qc7 14. Qd2 Ne5
15. Na3 Be6 16. Rfc1 Rfc8 17. Na4 b6 18. h3 Ned7 19. Nc3 Qd8 20. Nd5 a5 21.
bxa5 bxa5 22. Nb5 Ne5 23. Rb3 Nc6 24. Bg5 Ne8 25. f4 Qd7 26. Kh2 f5 27. Re3 Bf8
28. exf5 gxf5 29. Bh5 Bf7 30. Bxf7+ Kxf7 31. Rce1 e5 32. Rg3 e4 33. Qd1 Qe6 34.
Qh5+ Kg8 35. Nf6+ 1-0

[Event "16ème Open des Vins du Médoc"]
[Site "Naujac sur Mer ; France"]
[Date "2013.07.07"]
[Round "9.4"]
[White "Collas, Didier"]
[Black "Bonn, Thomas"]
[Result "1/2-1/2"]
[WhiteElo "2394"]
[BlackElo "2277"]
[PlyCount "73"]
[EventDate "2013.??.??"]

1. Nf3 e6 2. c4 f5 3. g3 Nf6 4. Bg2 Be7 5. O-O O-O 6. Nc3 d6 7. d4 Qe8 8. Re1
d5 9. Ne5 c6 10. f3 Nbd7 11. e4 dxe4 12. Nxd7 Qxd7 13. Bf4 exf3 14. Bxf3 Bd6
15. Qd2 Kh8 16. Rad1 Qc7 17. Kg2 Bxf4 18. Qxf4 Qxf4 19. gxf4 Bd7 20. d5 cxd5
21. cxd5 exd5 22. Nxd5 Ne4 23. Ne7 Rad8 24. Nxf5 Bxf5 25. Rxd8 Rxd8 26. Bxe4
Re8 27. Kf3 b6 28. Re3 Be6 29. Bc6 Bg4+ 30. Kf2 Rc8 31. Re7 g6 32. Be4 Bf5 33.
Bxf5 gxf5 34. Rxa7 Rc2+ 35. Ke3 Rxb2 36. Kd4 Re2 37. Kd5 1/2-1/2

[Event "16ème Open des Vins du Médoc"]
[Site "Naujac sur Mer ; France"]
[Date "2013.07.07"]
[Round "9.5"]
[White "Wohl, Aleksandar H"]
[Black "Collas, Silvia"]
[Result "1/2-1/2"]
[WhiteElo "2369"]
[BlackElo "2274"]
[PlyCount "110"]
[EventDate "2013.??.??"]

1. d4 Nf6 2. Nf3 e6 3. Bg5 c5 4. c3 d5 5. e3 Nc6 6. Nbd2 Be7 7. Bd3 Qc7 8. O-O
b6 9. Rc1 O-O 10. Re1 Bb7 11. c4 cxd4 12. Bxf6 Bxf6 13. cxd5 exd5 14. Nxd4 Bxd4
15. exd4 Qd6 16. Nf3 Rfe8 17. Rxe8+ Rxe8 18. Bb5 Rc8 19. Qa4 Ne7 20. Rxc8+ Nxc8
21. Bd3 Qc6 22. Qd1 Nd6 23. Ne5 Qc8 24. h3 f6 25. Ng4 Qc6 26. Ne3 g6 27. Ng4
Kg7 28. Qd2 Nf7 29. Bc2 Bc8 30. Ne3 Nd6 31. Bb3 Be6 32. Qc3 Qb7 33. Ba4 Nc4 34.
Bb3 Nxe3 35. Qxe3 Qc6 36. g4 Qd7 37. Kg2 Qd6 38. f4 Bf7 39. g5 Qe6 40. gxf6+
Kxf6 41. Qe5+ Ke7 42. Kg3 Kf8 43. h4 Qf5 44. Bd1 Be6 45. Kf2 Kf7 46. Qc7+ Kf6
47. Bf3 Qb1 48. Qe5+ Kf7 49. Bxd5 Qxb2+ 50. Kg3 Bxd5 51. Qxd5+ Ke7 52. Kg4 Qe2+
53. Kg3 Qe3+ 54. Kg2 Qe2+ 55. Kg3 Qe3+ 1/2-1/2

[Event "16ème Open des Vins du Médoc"]
[Site "Naujac sur Mer ; France"]
[Date "2013.07.07"]
[Round "9.6"]
[White "Zierke, Oliver"]
[Black "Colpe, Malte"]
[Result "1/2-1/2"]
[WhiteElo "2263"]
[BlackElo "2305"]
[PlyCount "49"]
[EventDate "2013.??.??"]

1. d4 Nf6 2. Nf3 g6 3. c4 Bg7 4. Nc3 O-O 5. e4 d6 6. Be2 e5 7. O-O Nc6 8. d5
Ne7 9. Ne1 Nd7 10. Be3 f5 11. f3 f4 12. Bf2 g5 13. Rc1 a6 14. Nd3 Rf6 15. c5
Rh6 16. c6 Nf8 17. cxb7 Bxb7 18. Qb3 Bc8 19. Be1 Rg6 20. Nf2 h5 21. h3 Nd7 22.
Nb1 Nf6 23. Ba5 Ne8 24. Rc2 Kh8 25. Nd2 1/2-1/2

[Event "16ème Open des Vins du Médoc"]
[Site "Naujac sur Mer ; France"]
[Date "2013.07.07"]
[Round "9.7"]
[White "Roth, Josef"]
[Black "Purenne, Benoit"]
[Result "0-1"]
[WhiteElo "2109"]
[BlackElo "2223"]
[PlyCount "32"]
[EventDate "2013.??.??"]

1. e4 g6 2. d4 c6 3. Nc3 d5 4. Be2 Bg7 5. Be3 dxe4 6. Nxe4 Nh6 7. c3 O-O 8. Qd2
Nf5 9. Bf4 Qd5 10. Bf3 Qe6 11. Qe2 Nh4 12. Nc5 Nxf3+ 13. Nxf3 Qxe2+ 14. Kxe2 b6
15. Nd3 Bb7 16. Rhd1 Nd7 {suite illisible} 0-1

[Event "16ème Open des Vins du Médoc"]
[Site "Naujac sur Mer ; France"]
[Date "2013.07.07"]
[Round "9.8"]
[White "Godard, Maxence"]
[Black "Maruejols, Claude"]
[Result "1-0"]
[WhiteElo "2348"]
[BlackElo "2006"]
[PlyCount "41"]
[EventDate "2013.??.??"]

1. d4 Nf6 2. c4 g6 3. Nc3 d5 4. e3 Bg7 5. cxd5 Nxd5 6. Nge2 O-O 7. Nxd5 Qxd5 8.
Nc3 Qd6 9. Be2 c5 10. d5 Rd8 11. e4 e6 12. Bg5 Re8 13. O-O Bxc3 14. bxc3 exd5
15. exd5 Qe5 16. Qd2 Qxe2 17. Rae1 Qb5 18. c4 Qa4 19. Qc3 f6 20. Bxf6 Bf5 21.
Bh8 1-0

[Event "16ème Open des Vins du Médoc"]
[Site "Naujac sur Mer ; France"]
[Date "2013.07.07"]
[Round "9.9"]
[White "Goulesque, Camille"]
[Black "Marie, Maxime"]
[Result "0-1"]
[WhiteElo "1890"]
[BlackElo "2214"]
[PlyCount "48"]
[EventDate "2013.??.??"]

1. e4 g6 2. d4 c6 3. Be3 d5 4. Nc3 Bg7 5. Qd2 Nf6 6. f3 dxe4 7. Nxe4 Nd5 8. Bh6
Bxh6 9. Qxh6 Nb4 10. O-O-O Nxa2+ 11. Kb1 Nb4 12. Bc4 Bf5 13. Nh3 Kd7 14. d5 Qa5
15. Qg7 b5 16. dxc6+ Kc7 17. Qe5+ Kb6 18. Qd4+ Kc7 19. Qxh8 N8xc6 20. Qc3 bxc4
21. Nf4 Qa2+ 22. Kc1 e5 23. Nh3 Qa4 24. g4 Na2+ 0-1

[Event "16ème Open des Vins du Médoc"]
[Site "Naujac sur Mer ; France"]
[Date "2013.07.07"]
[Round "9.10"]
[White "Saenz Narciso, Miguel Angel"]
[Black "Roumegous, Marina"]
[Result "1/2-1/2"]
[WhiteElo "2196"]
[BlackElo "2154"]
[PlyCount "109"]
[EventDate "2013.??.??"]

1. e4 c6 2. Nf3 d5 3. Nc3 Bg4 4. h3 Bh5 5. exd5 cxd5 6. Bb5+ Nc6 7. g4 Bg6 8.
Ne5 Rc8 9. d4 e6 10. h4 f6 11. Nxg6 hxg6 12. Qd3 Nge7 13. Bd2 Kf7 14. Bxc6 Nxc6
15. h5 gxh5 16. gxh5 Ne7 17. O-O-O Nf5 18. Ne2 Qc7 19. c3 Qc4 20. Qxc4 Rxc4 21.
Kb1 b5 22. Rde1 Bd6 23. Nf4 Bxf4 24. Bxf4 b4 25. Rh3 bxc3 26. bxc3 e5 27. Bc1
exd4 28. cxd4 Rb8+ 29. Rb3 Rxb3+ 30. axb3 Rxd4 31. Re2 Rb4 32. Rb2 d4 33. Kc2
Ke6 34. Ra2 Rb7 35. Ra6+ Kd7 36. h6 Rc7+ 37. Kb2 gxh6 38. Rxf6 Rc5 39. Bxh6
Nxh6 40. Rxh6 a5 41. Rh4 Rd5 42. Kc2 Kc6 43. Kd3 Kc5 44. Rh8 Kb4 45. Rb8+ Ka3
46. f4 Kb2 47. Rg8 Kxb3 48. Rg5 Rd8 49. Rxa5 Kb4 50. Re5 Rd7 51. f5 Rd6 52. Re6
Kc5 53. Re8 Kd5 54. Re4 Rf6 55. Rxd4+ 1/2-1/2

[Event "16ème Open des Vins du Médoc"]
[Site "Naujac sur Mer ; France"]
[Date "2013.07.07"]
[Round "9.11"]
[White "Lagunes, Jean-Renaud"]
[Black "Bricard, Herve"]
[Result "0-1"]
[WhiteElo "2005"]
[BlackElo "2046"]
[PlyCount "126"]
[EventDate "2013.??.??"]

1. e4 c5 2. Nf3 Nc6 3. b3 d6 4. Bb2 Nf6 5. Qe2 e5 6. g3 Be7 7. Bg2 O-O 8. O-O
Bg4 9. c3 a5 10. Na3 Nd7 11. h3 Be6 12. d4 cxd4 13. cxd4 exd4 14. Nxd4 Nxd4 15.
Bxd4 Ne5 16. Qb2 f6 17. Rfd1 Qd7 18. f4 Nc6 19. f5 Nxd4 20. Qxd4 Bf7 21. Nc4
Bxc4 22. Qxc4+ Kh8 23. Rd5 Rfc8 24. Qb5 Qc7 25. Rad1 Bf8 26. a4 Ra6 27. R1d3
Rca8 28. Rd1 Rb6 29. Qd3 Rc6 30. Qb5 Raa6 31. Bf1 Rab6 32. Qxa5 Rxb3 33. Qa8
Qc8 34. Qxc8 Rxc8 35. Rb5 Rxg3+ 36. Kf2 Ra3 37. Rxb7 Rxa4 38. Bd3 Ra2+ 39. Ke3
Rh2 40. Kd4 Rxh3 41. Rdb1 g6 42. Rb8 Rxb8 43. Rxb8 Kg7 44. Rb7+ Kh6 45. Rf7 Bg7
46. Bc4 Rh4 47. Kd5 g5 48. Bd3 Rh3 49. Be2 Re3 50. Bg4 Rg3 51. Bh5 g4 52. Kxd6
Rd3+ 53. Ke6 g3 54. Be2 g2 55. Bxd3 g1=Q 56. Rd7 Qg3 57. Kf7 Kh5 58. Bc4 Qg2
59. Ke8 Kg4 60. Be2+ Kf4 61. Re7 h5 62. Kf7 h4 63. Re8 h3 0-1

[Event "16ème Open des Vins du Médoc"]
[Site "Naujac sur Mer ; France"]
[Date "2013.07.07"]
[Round "9.12"]
[White "Laurain, Dominique"]
[Black "Lorente Penalba, Diego"]
[Result "0-1"]
[WhiteElo "1976"]
[BlackElo "2182"]
[PlyCount "46"]
[EventDate "2013.??.??"]

1. d4 d6 2. c4 e5 3. Nf3 e4 4. Nfd2 f5 5. e3 Nf6 6. Nc3 Be7 7. f3 exf3 8. Nxf3
O-O 9. Bd3 Qe8 10. O-O Qh5 11. Qe2 c6 12. e4 fxe4 13. Nxe4 Nxe4 14. Bxe4 Bf6
15. Bf4 d5 16. Bd3 Bg4 17. Be5 Nd7 18. h3 Nxe5 19. dxe5 Bxf3 20. Rxf3 Qxe5 21.
Re1 Qxe2 22. Bxe2 Bd4+ 23. Kh1 Rxf3 0-1

[Event "16ème Open des Vins du Médoc"]
[Site "Naujac sur Mer ; France"]
[Date "2013.07.07"]
[Round "9.13"]
[White "Gonzalez Santamartin, Jorge"]
[Black "Thalwitzer, David"]
[Result "1/2-1/2"]
[WhiteElo "1844"]
[BlackElo "2174"]
[PlyCount "121"]
[EventDate "2013.??.??"]

1. e4 c5 2. Nf3 d6 3. d4 cxd4 4. Nxd4 Nf6 5. Nc3 g6 6. Be3 Bg7 7. f3 O-O 8. Bc4
Nc6 9. Qd2 Bd7 10. O-O-O Rb8 11. h4 Na5 12. Bb3 b5 13. Nd5 Nc4 14. Bxc4 bxc4
15. h5 Nxd5 16. exd5 Qb6 17. Qc3 Qb4 18. Qxb4 Rxb4 19. hxg6 hxg6 20. Bh6 Ra4
21. Kb1 Rb8 22. Bxg7 Kxg7 23. Ne2 Rab4 24. b3 a5 25. Rd4 Bf5 26. Kc1 cxb3 27.
Rxb4 axb4 28. axb3 Rc8 29. Nd4 Bd7 30. Rd1 Rc5 31. Ne2 Bb5 32. Ng3 f5 33. Rd4
Ba6 34. Rxb4 Rxd5 35. Rb6 Bc8 36. Rc6 Rc5 37. Rxc5 dxc5 38. Kd2 Kf6 39. f4 Bb7
40. Kd3 Ke6 41. Nf1 Bxg2 42. Ne3 Bb7 43. c3 Ba6+ 44. Kd2 Kd6 45. Ng2 Ke6 46.
Nh4 Kf6 47. Nf3 Ke6 48. Nh4 Kf6 49. Nf3 Bb5 50. Ke3 Ke6 51. Nh4 Be8 52. Nf3 Kd5
53. Kd3 Kd6 54. Ke3 Bf7 55. Ne5 Be8 56. Nf3 e6 57. Kd2 Kd5 58. Kd3 Kd6 59. Kd2
Bc6 60. Ne5 Be8 61. Nf3 1/2-1/2